| 000 | 00459nam a22001577a 4500 | ||
|---|---|---|---|
| 003 | BUBTL | ||
| 008 | 140129b xxu||||| |||| 00| 0 eng d | ||
| 082 | _a336.24/UDA | ||
| 100 |
_941 _aHelal Uddin |
||
| 245 |
_aআয়কর নির্দেশিকা (Aykor Nirdeshika) / _b _cHelal Uddin. |
||
| 260 |
_aDhaka, _bProndith prokashoni, _cc2000. |
||
| 300 |
_a505p . : _bill . ; 20cm. |
||
| 856 |
_k0 _l0 _yDownload |
||
| 942 |
_2ddc _cBK |
||
| 999 |
_c23 _d23 |
||